| 000 | 00675nam a2200217 u 4500 | ||
|---|---|---|---|
| 005 | 20240228064143.0 | ||
| 008 | 140822s2006 r 000 0 eng d | ||
| 020 | _a9871296061 (10 dígitos) | ||
| 020 | _a9789871296064 (13 dígitos) | ||
| 035 | _aUPN01000199078 | ||
| 049 | _aI | ||
| 050 | 4 |
_aPZ71 _bR4.4 |
|
| 100 | 1 |
_aRepún, Graciela Beatriz, _d1951- _932429 |
|
| 245 | 1 | 4 |
_aUna bruja casi perfecta / _cGraciela Repún ; il. Eugenia Nobati. |
| 260 |
_aBuenos Aires : _bUnaluna, _c2006. |
||
| 300 |
_a[21] p. : _bil. col. |
||
| 650 | 4 |
_aLibros y lectura para niños _92290 |
|
| 650 | 4 |
_aBRUJAS - _vLITERATURA INFANTIL _94409 |
|
| 905 | _aInfantil | ||
| 999 |
_c171179 _d171179 |
||